| 000 | 01206cas a22003737a 4500 | ||
|---|---|---|---|
| 005 | 20220329142023.0 | ||
| 008 | 990305c1988 mx tr pernn 0 1b1spa d | ||
| 010 | _a77176 | ||
| 011 | _a78148 | ||
| 022 | 0 | _a0187-7151 | |
| 035 | _a88001 | ||
| 245 | 0 | 0 |
_aActa Botánica Mexicana _c/por Instituto de Ecología |
| 260 | 0 |
_aMéxico, D. F. : _bInstituto de Ecología, _c1988- |
|
| 300 |
_av. : _bilus. |
||
| 310 | _aIrregular | ||
| 362 | 1 | _an.39, 1997 | |
| 590 |
_aBATCH-UPD _b10 _c20130110 _lUCH01 _h0613 |
||
| 590 |
_aBATCH-UPD _b10 _c20130410 _lUCH01 _h0255 |
||
| 590 |
_aBATCH-UPD _b10 _c20130914 _lUCH01 _h0736 |
||
| 590 |
_aCONVERSION _b10 _c20130109 _lUCH01 _h1342 |
||
| 650 | 1 | 4 |
_aBotánica _xPublicaciones periódicas. _914606 |
| 650 | 1 | 4 |
_aBotánica _zMéxico _xPublicaciones periódicas. _914642 |
| 866 | _an. 87 (March 2009) | ||
| 866 | _an. 88 - n. 89 | ||
| 866 | _an. 92 (May 2010) - n. 93 (September 2010) | ||
| 866 | _an.15 - (1991) | ||
| 866 | _an.18 - (1992) | ||
| 866 | _an.2 - (1988) | ||
| 866 | _an.30 - (1995) | ||
| 866 | _an.36-39 - (1996-1997) | ||
| 901 | _aSE | ||
| 905 | _aLilia Sánchez G. | ||
| 999 |
_c77176 _d77176 |
||